[Event "ICS rated blitz match"]
[Site "204.178.125.65"]
[Date "1999.09.04"]
[Round "?"]
[White "philby"]
[Black "Hossa"]
[Result "0-1"]
[WhiteElo "2075"]
[BlackElo "2445"]
[PlyCount "110"]
[EventDate "1999.??.??"]

1. e4 c5 2. d4 cxd4 3. c3 dxc3 4. Nxc3 Nc6 5. Nf3 e6 6. Bc4 a6 7. O-O Nge7 8.
Bg5 h6 9. Bh4 d6 10. Qe2 b5 11. Bb3 Bb7 12. Rfd1 Qc7 13. Bg3 Nc8 14. Rac1 Be7
15. Nd5 Qd8 16. Nxe7 N6xe7 17. e5 Bxf3 18. Qxf3 d5 19. Qg4 O-O 20. Bh4 Qa5 21.
Bc2 Kh8 22. Bf6 gxf6 23. exf6 Ng6 24. Bxg6 Rg8 25. Rc3 Rxg6 26. Qf4 Qxa2 27.
Rh3 Kh7 28. Qc7 Rxf6 29. Qb7 Qxb2 30. Rf1 Nb6 31. Qxb6 Rc8 32. Qe3 a5 33. g4
Rg8 34. Rg3 Kh8 35. h4 Rfg6 36. Kh2 Qf6 37. Kh3 b4 38. f4 R6g7 39. f5 exf5 40.
Rxf5 Qxf5 41. gxf5 Rxg3+ 42. Qxg3 Rxg3+ 43. Kxg3 b3 44. Kf4 b2 45. Ke5 b1=Q 46.
Kxd5 Qxf5+ 47. Kd6 Qf6+ 48. Kd5 Qxh4 49. Kd6 a4 50. Kd5 a3 51. Kd6 a2 52. Kd5
a1=Q 53. Kd6 Qa6+ 54. Kd5 Qb5+ 55. Kd6 55... Qd8# {philby checkmated} 0-1

[Event "ICS rated blitz match"]
[Site "204.178.125.65"]
[Date "1999.10.14"]
[Round "?"]
[White "pila"]
[Black "Hossa"]
[Result "0-1"]
[WhiteElo "2171"]
[BlackElo "2346"]
[PlyCount "78"]
[EventDate "1999.??.??"]

1. e4 c5 2. Nf3 d6 3. d4 cxd4 4. Nxd4 Nf6 5. Nc3 g6 6. Be3 Bg7 7. Qd2 Ng4 8.
Bg5 O-O 9. f3 h6 10. fxg4 hxg5 11. Be2 Bd7 12. h4 gxh4 13. Rxh4 Nc6 14. Nxc6
Bxc6 15. O-O-O Qa5 16. Rdh1 Rfc8 17. Rh7 Qe5 18. Bc4 Bxe4 19. Bb3 Bc6 20. Qf2
e6 21. Nd1 g5 22. c3 Qf4+ 23. Kb1 Be4+ 24. Bc2 Qxf2 25. Nxf2 Bxh7 26. Bxh7+ Kf8
27. Ne4 Ke7 28. Nxg5 Rc4 29. Nf3 Rxg4 30. Be4 Rxe4 31. Ng5 Rg4 32. Nf3 Rxg2 33.
Ne1 Re2 34. Rg1 Rg8 35. Nc2 f5 36. Kc1 Bh6+ 37. Kd1 Rd2+ 38. Kc1 Rxg1+ 39. Ne1
39... Rxe1# {pila checkmated} 0-1

[Event "ICS rated blitz match"]
[Site "204.178.125.65"]
[Date "1999.10.15"]
[Round "?"]
[White "pila"]
[Black "Hossa"]
[Result "0-1"]
[WhiteElo "2182"]
[BlackElo "2419"]
[PlyCount "96"]
[EventDate "1999.??.??"]

1. e4 e5 2. Nf3 Nc6 3. d4 exd4 4. Bc4 Nf6 5. O-O Nxe4 6. Re1 f5 7. Nxd4 Nxd4 8.
Qxd4 Qh4 9. Qe5+ Be7 10. Qxf5 d5 11. Rxe4 Bxf5 12. Rxh4 Bxh4 13. Bxd5 O-O-O 14.
Bf3 Bxc2 15. Nc3 Rhe8 16. Be3 a5 17. g3 Bf6 18. Kg2 Bxc3 19. bxc3 Be4 20. Re1
Bxf3+ 21. Kxf3 Rd3 22. Kg2 Rxc3 23. Rd1 Rc2 24. Kg1 Rxa2 25. Rd5 a4 26. Ra5 Re4
27. Ra8+ Kd7 28. Rg8 Re7 29. Ra8 b5 30. Rh8 h6 31. Ra8 Kc6 32. Kf1 Kd5 33. Ke1
Kc4 34. Kd1 c5 35. Rd8 b4 36. Rc8 Re5 37. Bf4 Rd5+ 38. Ke1 b3 39. Re8 Ra1+ 40.
Ke2 b2 41. Re4+ Rd4 42. Rxd4+ cxd4 43. Kf3 b1=Q 44. Kg4 Qd1+ 45. Kh3 Qf3 46.
Kh4 g5+ 47. Kh3 Rg1 48. Bxg5 48... h5 {pila resigns} 0-1

[Event "ICS rated blitz match"]
[Site "204.178.125.65"]
[Date "1999.08.28"]
[Round "?"]
[White "pinoyataito"]
[Black "Hossa"]
[Result "0-1"]
[WhiteElo "2099"]
[BlackElo "2433"]
[PlyCount "42"]
[EventDate "1999.??.??"]

1. e4 c5 2. Nf3 e6 3. d4 cxd4 4. Nxd4 Nf6 5. Bd3 d5 6. e5 Nfd7 7. Bf4 Bc5 8.
Nb3 Be7 9. O-O Nc6 10. a3 Ndxe5 11. Nc3 Nxd3 12. Qxd3 e5 13. Bg3 d4 14. Ne2 O-O
15. f4 f6 16. Kh1 Bg4 17. Rad1 Qd5 18. c4 Qe6 19. Nd2 e4 20. Nxe4 f5 21. Nf2
21... Bxe2 {pinoyataito resigns} 0-1

[Event "ICS rated blitz match"]
[Site "204.178.125.65"]
[Date "1999.10.01"]
[Round "?"]
[White "postalex"]
[Black "Hossa"]
[Result "0-1"]
[WhiteElo "2162"]
[BlackElo "2394"]
[Annotator "Fritz 5.32 (15s)"]
[PlyCount "86"]
[EventDate "1999.??.??"]

1. e4 e5 2. Nf3 Nc6 3. Bb5 a6 4. Ba4 Nf6 5. O-O Be7 6. Bxc6 dxc6 7. Nc3 Bg4 8.
h3 Bxf3 9. Qxf3 O-O (9... Qd7 10. d3 Qe6 11. Qe2 Nd7 12. f4 f6 13. f5 Qf7 14.
Be3 g5 15. Nd1 h5 16. c3 O-O-O 17. b4 c5 18. a3 Qb3 19. Nf2 Rh7 20. Rfb1 Qa4
21. c4 Nb8 22. b5 g4 23. hxg4 hxg4 24. Qxg4 {
Visser,Y-Cako,L/Groningen 1996/EXT 98/1-0 (39)}) 10. d3 10... Qd7 $146 (10...
Nd7 11. Be3 (11. Qg4 Nc5 12. f4 exf4 13. Bxf4 Ne6 14. Be3 Bc5 15. Bxc5 Nxc5 16.
Ne2 Ne6 17. Rf2 Qg5 18. Qxg5 Nxg5 19. h4 Ne6 20. d4 Rad8 21. c3 f6 22. b4 a5
23. bxa5 Ra8 24. Rb1 Nd8 25. Ng3 25... Rxa5 {
Nikolaiczuk,L-Altrock,R/Steinheim 1975/EXT 98/1-0 (53)}) 11... Nc5 12. Qg3 f6
13. Rad1 Ne6 14. Ne2 c5 15. Qg4 Qc8 16. Ng3 Bd6 17. Nf5 Kh8 18. c3 g6 19. Nxd6
cxd6 20. f4 Nxf4 21. Qxc8 Raxc8 22. Bxf4 exf4 23. Rxf4 Kg7 24. Kf2 Rfe8 25. g4
{Pribyl,J-Plachetka,J/Hradec Kralove 1981/MCD/ - (43)}) (10... Qd6 11. Nd1 Qe6
12. Ne3 g6 13. b3 Rfe8 14. Bb2 Bf8 15. Nc4 Nd7 16. Qg4 Qxg4 17. hxg4 b6 18. g3
Bg7 19. Kg2 f6 20. f4 Re7 21. Rae1 Rae8 22. Bc1 Rf7 23. Re2 Bf8 24. Ref2 Bc5
25. Rf3 Ree7 26. g5 fxg5 27. fxg5 Rxf3 28. Rxf3 28... Rf7 {
- Hajtun,J-Borloy,K/HUN-ch 1951/MCL (28)}) 11. Bg5 Rad8 12. Ne2 12... Nxe4 $16
(12... Ne8 $5 $142 {sieht spielbar aus} 13. Bd2 13... f5 $11) 13. Bxe7 $1 {
die richtige Fortsetzung, um den Vorteil festzuhalten} (13. Qxe4 {
ist deutlich schlechter} 13... Bxg5 14. Rfe1 14... Rfe8 $17) 13... Nd2 14. Qg4
$16 (14. Qg3 Nxf1 15. Qh4 15... Nd2 $18) 14... Qxe7 15. Rfd1 f5 16. Qa4 Qg5 17.
f4 exf4 (17... Nf3+ 18. Kf2 exf4 19. Kxf3 Qh5+ 20. Kf2 Qh4+ 21. Kf1 $18) 18.
Qxf4 $1 {logisch und kraftvoll.} (18. Rxd2 $6 18... f3 19. Nf4 19... b5 $11)
18... Ne4 19. dxe4 {Die Oeffnung der d-Linie verschafft Weiss Drohungen} 19...
Qxf4 20. Nxf4 fxe4 21. Ne6 Rxd1+ 22. Rxd1 Re8 (22... Rf6 23. Rd8+ Kf7 24. Ng5+
Kg6 25. Nxe4 $18) 23. Nc5 $16 (23. Rd8 $5 $142 23... Kf7 24. Ng5+ Ke7 25. Rxe8+
Kxe8 26. Nxe4 $18) 23... b6 24. Nxa6 Ra8 25. Nxc7 Rxa2 26. Rd6 Rxb2 27. Rxc6
Kf7 28. Nd5 b5 29. Kf2 Ra2 30. Ke3 h5 (30... Ra4 {
aendert nichts am Ausgang der Partie} 31. Nc3 Ra1 32. Kxe4 $18) 31. Kxe4 Kf8
32. Kf5 h4 33. Kg6 {Es droht Matt} 33... Ke8 34. Rc7 Kd8 (34... Ra6+ {
hilft auch nicht mehr} 35. Kxg7 Re6 36. Rc3 $18) 35. Rc5 Rb2 36. Kxg7 Kd7 37.
Ne3 Rb4 38. Kg6 (38. Nf5 {waere im Gewinnsinne praeziser} 38... Ke6 $18) 38...
Kd6 39. Rc3 Re4 (39... Ke6 {kann das Vorangegangene nicht ungeschehen machen}
40. Nf5 $18) 40. Kg5 b4 41. Rb3 Kc5 42. Nf5 (42. c3 bxc3 43. Rxc3+ Kd4 44. Rc4+
Kd3 45. Rxe4 Kxe4 46. Kxh4 46... Kxe3 $18) 42... Re2 43. Nxh4 (43. Ne3 {
und Weiss haette es noch leichter} 43... Kd4 44. Kf4 Rf2+ 45. Kg4 45... Rd2 $18
) 43... Rxc2 (43... Rxc2 44. Kf6 44... Kc4 $18) 0-1

[Event "ICS rated blitz match"]
[Site "204.178.125.65"]
[Date "1999.10.15"]
[Round "?"]
[White "postalex"]
[Black "Hossa"]
[Result "0-1"]
[WhiteElo "2076"]
[BlackElo "2369"]
[PlyCount "62"]
[EventDate "1999.??.??"]

1. e4 e5 2. Nf3 Nc6 3. Bb5 a6 4. Ba4 Nf6 5. O-O Be7 6. Bxc6 dxc6 7. Nc3 Bg4 8.
h3 Bh5 9. d3 Nd7 10. Qe2 O-O 11. g4 Bg6 12. d4 exd4 13. Nxd4 Bb4 14. f4 Bxc3
15. bxc3 h6 16. f5 Bh7 17. Bf4 Re8 18. Rae1 Rc8 19. Qh2 Nf6 20. e5 Nd5 21. e6
Qe7 22. Be5 f6 23. Bg3 Nxc3 24. Ne2 Nxa2 25. Rd1 Qc5+ 26. Bf2 Qxc2 27. Nf4 Nc3
28. Rd7 Red8 29. Rxd8+ Rxd8 30. Nh5 Ne2+ 31. Kg2 31... Qe4# {
postalex checkmated} 0-1

[Event "ICS rated blitz match"]
[Site "204.178.125.65"]
[Date "1999.09.25"]
[Round "?"]
[White "quagga"]
[Black "Hossa"]
[Result "0-1"]
[WhiteElo "2207"]
[BlackElo "2472"]
[PlyCount "60"]
[EventDate "1999.??.??"]

1. f4 d5 2. e3 c5 3. Nf3 e6 4. d4 Nc6 5. c3 Bd6 6. Bd3 Nge7 7. O-O Bd7 8. Nbd2
cxd4 9. exd4 Bxf4 10. Nb3 Bxc1 11. Rxc1 b6 12. Ng5 Nf5 13. Qh5 g6 14. Qg4 h6
15. Nh3 Ne3 16. Qf4 Nxf1 17. Rxf1 Qe7 18. Qg3 O-O 19. Nf4 Qg5 20. Qf3 Qh4 21.
g3 Qg5 22. h4 Qd8 23. Qg4 e5 24. Qf3 exf4 25. Qxf4 g5 26. Qd6 Qb8 27. Qxh6
Qxg3+ 28. Kh1 Qh3+ 29. Kg1 Qxd3 30. Rf2 30... Qg6 {quagga resigns} 0-1

[Event "ICS rated blitz match"]
[Site "204.178.125.65"]
[Date "1999.09.01"]
[Round "?"]
[White "ravengar"]
[Black "Hossa"]
[Result "0-1"]
[WhiteElo "2361"]
[BlackElo "2501"]
[PlyCount "82"]
[EventDate "1999.??.??"]

1. e4 e5 2. Nf3 Nc6 3. Bb5 Bc5 4. O-O Nge7 5. c3 f5 6. d4 fxe4 7. dxc5 exf3 8.
Qxf3 Ng6 9. Re1 Qf6 10. Qg3 O-O 11. Bg5 Qe6 12. Nd2 Kh8 13. Bc4 Qe8 14. Ne4 b6
15. cxb6 axb6 16. Bd5 d6 17. f4 Be6 18. Bxe6 Qxe6 19. fxe5 dxe5 20. Be3 Rxa2
21. Ng5 Qg8 22. Rad1 Rxb2 23. Rd7 Qc4 24. Qh3 Qh4 25. Qxh4 Nxh4 26. Rxc7 Nxg2
27. Ra1 Nxe3 28. Rxc6 Rg2+ 29. Kh1 Rxg5 30. Rxb6 Rgf5 31. h3 Rf3 32. Kh2 Nf1+
33. Kg1 Rg3+ 34. Kh1 Rxh3+ 35. Kg2 Rg3+ 36. Kh1 Rxc3 37. Re6 e4 38. Kg2 Rc2+
39. Kh3 Rf3+ 40. Kg4 Rg2+ 41. Kh4 41... g5+ {ravengar resigns} 0-1

[Event "ICS rated blitz match"]
[Site "204.178.125.65"]
[Date "1999.10.18"]
[Round "?"]
[White "rb"]
[Black "Hossa"]
[Result "0-1"]
[WhiteElo "2409"]
[BlackElo "2495"]
[PlyCount "106"]
[EventDate "1999.??.??"]

1. e4 e5 2. Nf3 Nc6 3. Bb5 a6 4. Ba4 Nf6 5. O-O Nxe4 6. d4 b5 7. Bb3 d5 8. dxe5
Be6 9. Be3 Be7 10. c3 O-O 11. Nbd2 Bg4 12. h3 Nxd2 13. Bxd2 Bxf3 14. Qxf3 Nxe5
15. Qh5 Nc4 16. Bxc4 bxc4 17. Rfe1 Rb8 18. b3 cxb3 19. axb3 Rxb3 20. Rxa6 Rb2
21. Be3 Bd6 22. Bc1 Rb1 23. Kf1 Re8 24. Be3 Rxe1+ 25. Kxe1 Be5 26. Ra3 Qd6 27.
Ra2 Bxc3+ 28. Kf1 d4 29. Qb5 c6 30. Qb3 Qe5 31. Rc2 Rb8 32. Qa2 dxe3 33. fxe3
Qxe3 34. Re2 Qf4+ 35. Kg1 c5 36. Qc2 Bd4+ 37. Kh1 Qf1+ 38. Kh2 Be5+ 39. Rxe5
Qf4+ 40. Kh1 Qxe5 41. Qc1 Ra8 42. Kg1 Ra1 43. Qxa1 Qxa1+ 44. Kf2 Qa3 45. Ke2
Kf8 46. h4 Ke7 47. Kf2 Ke6 48. g3 Kd5 49. g4 Ke4 50. g5 Qf3+ 51. Kg1 Qe2 52. h5
Kf3 53. Kh1 53... Qg2# {rb checkmated} 0-1

[Event "ICS rated blitz match"]
[Site "204.178.125.65"]
[Date "1999.09.23"]
[Round "?"]
[White "reborn11"]
[Black "Hossa"]
[Result "0-1"]
[WhiteElo "1950"]
[BlackElo "2305"]
[PlyCount "82"]
[EventDate "1999.??.??"]

1. Nf3 Nf6 2. d3 d5 3. Nbd2 Nc6 4. e4 e5 5. Be2 Bc5 6. O-O O-O 7. c3 Be6 8. b4
Bd6 9. a4 a6 10. Bb2 Bg4 11. h3 Bd7 12. Qc2 Qe7 13. Rfe1 Rad8 14. Bf1 dxe4 15.
dxe4 Be6 16. Nc4 Bxc4 17. Bxc4 Rd7 18. Rad1 Kh8 19. Bf1 Rfd8 20. g3 Qe6 21. Bc1
Kg8 22. Ng5 Qe8 23. Be3 Qf8 24. Bg2 Qe7 25. Qb3 h6 26. Nf3 Qe8 27. Nd2 Bf8 28.
Nc4 b5 29. axb5 axb5 30. Na3 Ne7 31. Rxd7 Qxd7 32. Bf1 Nxe4 33. Kg2 Qc6 34. f3
Nxc3 35. Rc1 Ned5 36. Bf2 Bxb4 37. Nc2 Bc5 38. Ne3 Bxe3 39. Rxc3 Qxc3 40. Qxc3
Nxc3 41. Bxe3 41... Rd5 {reborn11 resigns} 0-1

[Event "ICS rated blitz match"]
[Site "204.178.125.65"]
[Date "1999.09.12"]
[Round "?"]
[White "reyseductor"]
[Black "Hossa"]
[Result "0-1"]
[WhiteElo "2352"]
[BlackElo "2472"]
[PlyCount "56"]
[EventDate "1999.??.??"]

1. e4 e6 2. d4 d5 3. Nd2 Nf6 4. e5 Nfd7 5. Bd3 c5 6. c3 Qg5 7. Qf3 Nc6 8. Ne2
Qd8 9. O-O cxd4 10. cxd4 Be7 11. Nb3 Nb4 12. Bb1 O-O 13. Ng3 b6 14. Nh5 Ba6 15.
Qg4 g5 16. Re1 Rc8 17. Qh3 Nc2 18. Re2 Bxe2 19. f3 Nxa1 20. Nf6+ Nxf6 21. exf6
Nc2 22. fxe7 Qxe7 23. Nc5 Rxc5 24. dxc5 Qxc5+ 25. Kh1 Qf2 26. g4 Qe1+ 27. Kg2
Bf1+ 28. Kg1 28... Bxh3# {reyseductor checkmated} 0-1

[Event "ICS rated blitz match"]
[Site "204.178.125.65"]
[Date "1999.09.25"]
[Round "?"]
[White "robbok1"]
[Black "Hossa"]
[Result "1-0"]
[WhiteElo "2465"]
[BlackElo "2445"]
[PlyCount "98"]
[EventDate "1999.??.??"]

1. e4 e5 2. Nf3 Nf6 3. Nxe5 d6 4. Nf3 Nxe4 5. d4 Bf5 6. Bd3 d5 7. Nbd2 Be7 8.
O-O Nxd2 9. Bxd2 Bxd3 10. cxd3 O-O 11. Qb3 b6 12. Rfe1 Re8 13. Rac1 a5 14. Bf4
a4 15. Qc2 c5 16. dxc5 bxc5 17. d4 c4 18. b3 axb3 19. axb3 cxb3 20. Qxb3 Na6
21. Qb7 Nb4 22. Rc7 Nd3 23. Rcxe7 Rxe7 24. Rxe7 Ra1+ 25. Ne1 Nxe1 26. g3 Qf8
27. Bd6 g5 28. h3 Nf3+ 29. Kg2 Nxd4 30. Qxd5 Nf5 31. Qxf5 Qa8+ 32. Qe4 Qxe4+
33. Rxe4 Ra6 34. Bc5 h6 35. Kf3 Kh7 36. Ke3 Kg6 37. Kd4 f5 38. Re7 g4 39. h4
Kf6 40. Kd5 Kg6 41. Re6+ Rxe6 42. Kxe6 h5 43. Be3 f4 44. Bxf4 Kg7 45. Kf5 Kf7
46. Kg5 Ke6 47. Kxh5 Kf5 48. Be3 Kf6 49. Kxg4 49... Ke6 {Hossa resigns} 1-0

[Event "ICS rated blitz match"]
[Site "204.178.125.65"]
[Date "1999.09.11"]
[Round "?"]
[White "salzi"]
[Black "Hossa"]
[Result "0-1"]
[WhiteElo "2027"]
[BlackElo "2466"]
[PlyCount "46"]
[EventDate "1999.??.??"]

1. d4 d5 2. c4 e6 3. Nc3 c5 4. dxc5 d4 5. Ne4 Bxc5 6. Nxc5 Qa5+ 7. Bd2 Qxc5 8.
e4 e5 9. Nf3 Bg4 10. Bd3 Ne7 11. O-O Nbc6 12. a3 Qb6 13. b4 O-O 14. h3 Bxf3 15.
Qxf3 Rad8 16. g4 f6 17. Kh2 a6 18. Rg1 Qc7 19. Qg3 Ng6 20. h4 Nf4 21. Bxf4 exf4
22. Qg2 Ne5 23. Qf1 23... Nf3+ {salzi resigns} 0-1

[Event "ICS rated blitz match"]
[Site "204.178.125.65"]
[Date "1999.09.10"]
[Round "?"]
[White "salzi"]
[Black "Hossa"]
[Result "0-1"]
[WhiteElo "2036"]
[BlackElo "2451"]
[PlyCount "83"]
[EventDate "1999.??.??"]

1. d4 d5 2. c4 e6 3. Nc3 Nf6 4. Bg5 Be7 5. e3 O-O 6. Nf3 Nbd7 7. Rc1 Re8 8. Qc2
c5 9. cxd5 exd5 10. Bd3 h6 11. Bh4 c4 12. Bf5 Nb6 13. Bxc8 Qxc8 14. O-O Qg4 15.
Bg3 Nfd7 16. Ne5 Nxe5 17. Bxe5 Bb4 18. Qe2 Qxe2 19. Nxe2 Nd7 20. Bg3 Nf6 21.
Be5 Ng4 22. Bg3 a6 23. h3 Nf6 24. Be5 Bd2 25. Rc2 Ne4 26. Ng3 Nxg3 27. Bxg3 Bb4
28. a3 Bf8 29. Re1 b5 30. f3 b4 31. axb4 Bxb4 32. Ree2 Rac8 33. e4 c3 34. bxc3
Bxc3 35. Bf2 dxe4 36. Rxe4 Kf8 37. Rce2 a5 38. d5 Red8 39. Bd4 f5 40. Rf4 Rxd5
41. Bxc3 Rxc3 42. Kf2 {salzi resigns} 0-1

[Event "ICS rated blitz match"]
[Site "204.178.125.65"]
[Date "1999.09.11"]
[Round "?"]
[White "salzi"]
[Black "Hossa"]
[Result "0-1"]
[WhiteElo "2031"]
[BlackElo "2462"]
[PlyCount "54"]
[EventDate "1999.??.??"]

1. d4 d5 2. c4 e6 3. Nc3 c5 4. cxd5 exd5 5. e3 Nc6 6. dxc5 Nf6 7. Nf3 Bxc5 8.
a3 O-O 9. Be2 Be6 10. O-O Rc8 11. b4 Be7 12. Bb2 Qd6 13. Nb5 Qd7 14. Nbd4 Ne4
15. Nxc6 Qxc6 16. Nd4 Qd7 17. Rc1 Rxc1 18. Qxc1 Rc8 19. Qd1 Bh4 20. g3 Be7 21.
Bb5 Qd6 22. Nxe6 fxe6 23. Qd3 a6 24. Ba4 Bf6 25. Bxf6 Nxf6 26. Bc2 Qe5 27. Bb1
27... Rc3 {salzi resigns} 0-1

[Event "ICS rated blitz match"]
[Site "204.178.125.65"]
[Date "1999.09.11"]
[Round "?"]
[White "salzi"]
[Black "Hossa"]
[Result "0-1"]
[WhiteElo "2037"]
[BlackElo "2456"]
[PlyCount "34"]
[EventDate "1999.??.??"]

1. d4 d5 2. c4 e6 3. Nc3 c5 4. e3 cxd4 5. exd4 Nc6 6. Nf3 Bb4 7. a3 Bxc3+ 8.
bxc3 Nf6 9. Bb2 O-O 10. Bd3 Re8 11. O-O Bd7 12. cxd5 exd5 13. c4 Bg4 14. h3 Qb6
15. Rb1 Bxf3 16. Qxf3 dxc4 17. d5 17... Nd4 {salzi resigns} 0-1

[Event "ICS rated blitz match"]
[Site "204.178.125.65"]
[Date "1999.09.06"]
[Round "?"]
[White "salzi"]
[Black "Hossa"]
[Result "0-1"]
[WhiteElo "2053"]
[BlackElo "2445"]
[PlyCount "38"]
[EventDate "1999.??.??"]

1. d4 Nf6 2. c4 e6 3. Nc3 Bb4 4. Nf3 Bxc3+ 5. bxc3 Ne4 6. Qd3 d5 7. cxd5 exd5
8. Ba3 c5 9. Nd2 Nxd2 10. Qxd2 cxd4 11. Qxd4 f6 12. Rd1 Qa5 13. Bb4 Qxa2 14.
Qe3+ Kf7 15. Qe7+ Kg6 16. e4 Nc6 17. Qd6 Re8 18. Be2 Rxe4 19. f3 19... Qxe2# {
salzi checkmated} 0-1

[Event "ICS rated blitz match"]
[Site "204.178.125.65"]
[Date "1999.09.06"]
[Round "?"]
[White "salzi"]
[Black "Hossa"]
[Result "0-1"]
[WhiteElo "2047"]
[BlackElo "2451"]
[PlyCount "41"]
[EventDate "1999.??.??"]

1. d4 Nf6 2. c4 e6 3. Nc3 Bb4 4. e3 O-O 5. Nf3 d5 6. Bd3 c5 7. O-O Nc6 8. a3
Ba5 9. cxd5 exd5 10. Bd2 cxd4 11. exd4 Bg4 12. Be3 Bb6 13. Be2 Rc8 14. Rc1 Re8
15. h3 Bf5 16. Bd3 Be4 17. Be2 Qd6 18. Qd2 Ba5 19. Rfd1 Bxc3 20. Rxc3 Bg6 21.
Rdc1 {salzi resigns} 0-1

[Event "ICS rated blitz match"]
[Site "204.178.125.65"]
[Date "1999.09.24"]
[Round "?"]
[White "sasman3"]
[Black "Hossa"]
[Result "0-1"]
[WhiteElo "2049"]
[BlackElo "2415"]
[PlyCount "26"]
[EventDate "1999.??.??"]

1. e4 c5 2. Nc3 e6 3. Nf3 Ne7 4. d4 cxd4 5. Nxd4 d5 6. Be2 e5 7. Nf3 d4 8. Nb1
Nec6 9. O-O Be7 10. c3 O-O 11. cxd4 exd4 12. Bf4 Be6 13. Nbd2 13... d3 {
sasman3 resigns} 0-1

[Event "ICS rated blitz match"]
[Site "204.178.125.65"]
[Date "1999.09.19"]
[Round "?"]
[White "sega"]
[Black "Hossa"]
[Result "0-1"]
[WhiteElo "2087"]
[BlackElo "2466"]
[PlyCount "138"]
[EventDate "1999.??.??"]

1. d4 Nf6 2. c4 e6 3. Nf3 Bb4+ 4. Bd2 Qe7 5. g3 Nc6 6. Bg2 Bxd2+ 7. Nbxd2 d6 8.
O-O O-O 9. e4 e5 10. d5 Nb8 11. c5 dxc5 12. Nc4 Nxe4 13. Nfxe5 Ng5 14. d6 cxd6
15. Qxd6 Nh3+ 16. Kh1 Re8 17. Rad1 Qf8 18. Qxf8+ Rxf8 19. f4 f6 20. Bd5+ Kh8
21. Nf7+ Rxf7 22. Bxf7 Nc6 23. Bd5 Bg4 24. Bf3 Bxf3+ 25. Rxf3 Nd4 26. Rxd4 cxd4
27. Kg2 Nxf4+ 28. Rxf4 Rd8 29. Kf3 b5 30. Nd2 Rd6 31. Re4 Kg8 32. Re7 a5 33.
Ke4 d3 34. Ke3 Rd5 35. Re4 a4 36. Rd4 Rh5 37. h4 Kf7 38. Kxd3 Re5 39. Re4 Rd5+
40. Kc3 Rc5+ 41. Kd3 Rd5+ 42. Rd4 Re5 43. Ne4 Kg6 44. a3 Kf7 45. g4 h5 46. g5
Ke7 47. gxf6+ gxf6 48. Ng3 Kf7 49. Rf4 Kg6 50. Ne2 Rd5+ 51. Nd4 f5 52. Kc3 Kf6
53. Nf3 Rd7 54. Kb4 Rb7 55. Rd4 Ke6 56. Rd3 Rb8 57. Nd4+ Kf6 58. Nxb5 Rg8 59.
Rh3 Rg4+ 60. Kc5 Rg2 61. Nc3 Rc2 62. Kb4 Rxb2+ 63. Kxa4 f4 64. Ka5 Kf5 65. Nb5
Kg4 66. Rh1 f3 67. Nd4 f2 68. Ne6 Re2 69. Ng5 69... Re1 {sega resigns} 0-1

[Event "ICS rated blitz match"]
[Site "204.178.125.65"]
[Date "1999.09.29"]
[Round "?"]
[White "sekere"]
[Black "Hossa"]
[Result "0-1"]
[WhiteElo "2117"]
[BlackElo "2457"]
[Annotator "Fritz 5.32 (29s)"]
[PlyCount "104"]
[EventDate "1999.??.??"]

1. e4 e5 2. Nf3 Nc6 3. Bc4 Bc5 4. b4 Bxb4 5. c3 Be7 6. d4 Bf6 7. O-O (7. Qb3
Qe7 8. Ba3 d6 9. O-O Nh6 10. Nbd2 O-O 11. d5 Na5 12. Qb2 Nxc4 13. Nxc4 Re8 14.
Na5 g6 15. c4 b6 16. Nc6 Qd7 17. Rac1 Bg7 18. h3 f5 19. Nd2 Qf7 20. Nb4 Kh8 21.
Nc2 21... Bd7 {Sveshnikov,V-Florjancic,R/Bled 1998/EXT 99/0-1 (45)}) 7... Nge7
8. Ba3 $17 (8. dxe5 Bxe5 9. Nxe5 Nxe5 10. Bb3 d6 11. f4 Ng4 12. h3 Nf6 13. Nd2
Be6 14. c4 Nc6 15. Bb2 Qe7 16. Ba3 O-O-O 17. Rb1 g6 18. e5 Nd7 19. Ba4 Na5 20.
Rb5 Nxc4 21. Nxc4 Bxc4 22. Qc1 22... Qe6 {
Nunn,J-Gumrukcuoglu,E/La Valetta 1980/MCD/1-0 (39)}) (8. d5 Na5 9. Be2 9... b6
$15) 8... O-O $15 (8... exd4 9. cxd4 d6 10. Qd3 $17) 9. Qd3 $17 (9. d5 Na5 10.
Bd3 10... d6 $17) 9... d6 {Staerkt c5} 10. Nbd2 Na5 11. Bb5 Bg4 12. h3 12...
Be6 $15 (12... Bxf3 13. Nxf3 a6 14. Ba4 $17) 13. Rfd1 a6 14. Ba4 exd4 15. cxd4
Rc8 16. Bc2 (16. e5 dxe5 17. Ne4 17... Nac6 $14) 16... c5 $14 (16... g6 $15
$142 {damit waere Schwarz im Spiel geblieben}) 17. g4 $4 $19 {
vergibt den Vorteil} (17. e5 $142 {ist die einzige Rettung} 17... Bf5 18. Ne4
Bxe5 19. dxe5 $14) 17... cxd4 $17 (17... Bxd4 18. Rac1 Be5 19. Nxe5 dxe5 20.
Qg3 $19) 18. e5 {Mit der Mattdrohung Qxh7.} 18... Rxc2 $1 {
zementiert den Vorteil} 19. Qxc2 19... dxe5 $11 (19... Bxe5 $5 $142 20. Qd3 Ng6
21. Nxe5 Nxe5 (21... dxe5 $6 22. Bxf8 Qxf8 23. Qg3 $15) 22. Qxd4 22... Nac4 $19
) 20. g5 Bxh3 21. gxf6 21... gxf6 {Sichert e5+g5.} 22. Kh2 22... Bg4 $14 (22...
Bf5 23. Ne4 Kh8 24. Qc5 $11) 23. Rg1 h5 24. Qe4 $14 (24. Bxe7 Qxe7 25. Qf5 $18)
24... Re8 25. Rxg4+ $11 (25. Nh4 f5 26. Bxe7 fxe4 27. Bxd8 Rxd8 28. Nxe4 28...
Kf8 $14) 25... hxg4 26. Qxg4+ Ng6 27. Ne4 $15 (27. Nh4 $142 27... f5 {
ob er will oder nicht, Schwarz muss Material hergeben} 28. Nxf5 $16) 27... Nc4
$11 (27... Kg7 $5 {muss unbedingt geprueft werden} 28. Nd6 Rh8+ 29. Kg1 29...
Rh7 $11) 28. Bc1 $17 (28. Nh4 $5 $142 {sieht noch spielbar aus} 28... f5 29.
Nxf5 Nxa3 30. Qh3 $14) 28... Nd6 $15 (28... Kg7 $5 $17) 29. Bh6 $4 $19 (29. Nh4
$142 {war die einzige Moeglichkeit, noch zu kaempfen} 29... Nxe4 30. Qxe4 $11)
29... f5 {Schwarz haelt das Heft fest in der Hand} 30. Qg5 (30. Qh5 {
holt die Kuh nicht vom Eis} 30... fxe4 (30... Nxe4 $143 31. Qxf5 Nd6 32. Qg4
$19) 31. Bg5 31... Qc7 $19 (31... exf3 $6 {waere ein Fehlgriff} 32. Bxd8 Rxd8
33. Rg1 $15)) 30... fxe4 ({Dagegen} 30... Nxe4 31. Qxf5 Nd6 32. Qh5 $19) 31.
Qxd8 {Droht Matt} 31... Rxd8 32. Ng5 (32. Bg5 {
kann das Vorangegangene nicht ungeschehen machen} 32... Rc8 (32... exf3 $6 {
ist deutlich schlechter} 33. Bxd8 Ne4 34. Rb1 $19) 33. Nh4 Nxh4 34. Bxh4 34...
Rc2 $19) 32... Nf5 33. Nxf7 (33. Nxe4 {hilft auch nicht mehr} 33... Nxh6 34.
Nc5 34... f5 $19) 33... Kxf7 34. Bg5 Rh8+ 35. Kg2 (35. Kg1 {
aendert nichts am Ausgang der Partie} 35... Rh5 36. Bd8 36... d3 $19) 35...
Ngh4+ (35... Rh5 $5 $142 {und Schwarz haette es noch leichter} 36. Bc1 Ngh4+
37. Kf1 $19) 36. Bxh4 Nxh4+ 37. Kg3 Nf5+ 38. Kg2 d3 39. Rd1 (39. Rb1 {
aendert nichts mehr} 39... Rg8+ 40. Kh3 d2 41. Rxb7+ Ke6 42. Rb6+ 42... Kd5 $19
) 39... Nd4 (39... e3 $5 $142 {gibt noch groesseren Vorteil} 40. Kf3 e2 41. Rb1
$19) 40. Kg3 (40. f3 40... Nc2 $1 {ist die Ueberraschung!} 41. Rb1 Rg8+ 42. Kh3
42... e3 $19) 40... Ke6 41. Kg4 b5 42. Kg5 Rf8 (42... Rg8+ $142 {
damit wuerde Schwarz es sich noch erleichtern} 43. Kh4 Nf3+ 44. Kh3 $19) 43.
Kg6 Rxf2 44. Kg7 Rxa2 (44... Nf5+ 45. Kg8 Rg2+ 46. Kh8 Kf7 47. Rh1 d2 48. Rh7+
Kf8 49. Rh5 Nd6 50. Rf5+ Nxf5 51. Kh7 d1=Q 52. a3 Qh5#) 45. Kg6 a5 46. Kg7
46... d2 {Schwarz zwingt den Gegner mit starken Drohungen nieder} 47. Kg6 e3
48. Kg7 48... e2 {Droht Matt} 49. Kg6 exd1=Q 50. Kg7 (50. Kh7 {
macht keinen grossen Unterschied} 50... Kf6 51. Kg8 Qg4+ 52. Kf8 Qc8#) 50...
Qg1+ 51. Kh8 (51. Kf8 {nuetzt auch nichts mehr} 51... d1=Q 52. Ke8 Qg8#) 51...
Kf6 52. Kh7 Qg7# 0-1